Biologia : accés a CFGS : biosfera accés a CFGS :
Publicado:
Barcelona :
Diputació de Barcelona. Àrea d'Educació. Gerència de serveis d'Educació, [s.a.]
Descripción Física:
61 p. ; 30 cm
MARC
| LEADER | 00000nam a2200000Ia 4500 | ||
|---|---|---|---|
| 001 | 23841 | ||
| 008 | 160829s9999 xx 000 0 cat d | ||
| 080 | |a Bib-70 | ||
| 245 | |a Biologia : |b accés a CFGS : |b biosfera | ||
| 260 | |a Barcelona : |b Diputació de Barcelona. Àrea d'Educació. Gerència de serveis d'Educació, [s.a.] | ||
| 300 | |a 61 p. ; |c 30 cm | ||
| 650 | |a Biosfera |9 49469 | ||
| 650 | |a Biologia |x Problemes, exercicis, etç |9 49470 | ||
| 710 | |a Barcelona (Catalunya : Província). |b Gerència de Serveis d'Educació |9 52167 | ||
| 710 | 2 | |a Centre de Formació d'Adults Can Batlló |9 55011 | |
| 901 | |a Arxiu | ||
| 942 | |n 1 | ||
| 952 | |0 0 |1 0 |4 0 |6 BIB70 |7 1 |9 55374 |a Arxiu |b Arxiu |d 2016-12-01 |l 0 |o Bib-70 |p 23841 |r 2016-12-01 00:00:00 |w 2016-12-01 |y ARXIU | ||
| 999 | |c 59247 |d 59247 | ||